| 000 | 00954cam a22003137a 4500 | ||
|---|---|---|---|
| 003 | CHAP | ||
| 005 | 20220329134445.0 | ||
| 008 | 971013s r 00010 d | ||
| 010 | _a20715 | ||
| 011 | _a21687 | ||
| 035 | _a25777 | ||
| 040 | _cCHAP | ||
| 090 | _aFolleto 1117 | ||
| 110 |
_aArmour Research Foundation _97219 |
||
| 245 | 1 | 3 | _aLa tecnología aplicada en México |
| 260 |
_aMéxico, D.F., : _bBanco de México, _c(s.a.) |
||
| 300 |
_a71 p. _b: ilus. ; mapa |
||
| 490 | 0 | _aMonografías industriales | |
| 590 |
_aBATCH-UPD _b10 _c20130110 _lUCH01 _h1208 |
||
| 590 |
_aBATCH-UPD _b10 _c20130410 _lUCH01 _h0748 |
||
| 590 |
_aBATCH-UPD _b10 _c20130914 _lUCH01 _h1633 |
||
| 590 |
_aCONVERSION _b10 _c20130109 _lUCH01 _h1312 |
||
| 650 | 1 | 4 |
_aIndustria _xMéxico. _957751 |
| 650 | 1 | 4 |
_aTecnología. _9111937 |
| 830 | 0 |
_aMonografías industriales _977582 |
|
| 901 | _aBK | ||
| 942 | _cFOLL | ||
| 949 |
_aFolleto 1117 _bBC _cFOLL _d-59448 _eTS1 _i25777 _si |
||
| 999 |
_c20715 _d20715 |
||